| 000 | 00973nam a22003017a 4500 | ||
|---|---|---|---|
| 001 | 6898 | ||
| 003 | FISKH | ||
| 005 | 20250707112623.0 | ||
| 008 | 250605b cb ||||| |||| 00| 0 eng d | ||
| 020 | _a0590927159 | ||
| 040 |
_aFISKH _beng _cFISKH _dFISKH |
||
| 050 | _aQL337.E25 H36 | ||
| 082 | _a591.9676 | ||
| 100 |
_aHanna, Jack _d(1947-) |
||
| 245 |
_aJungle Jack Hanna's safari adventure / _cBy Jack Hanna and Rick A. Prebeg ; Photographs by Rick A.Prebeg |
||
| 250 | _aThis edition first published in 1996 | ||
| 260 |
_aNew York : _bScholastic, _c1996 |
||
| 300 |
_a44 pages : _bcolor illustrations ; _c21 x 26 cm |
||
| 505 | _aR | ||
| 520 | _aA personal account of wildlife photographer Jack Hanna's month-long safari through East Africa. | ||
| 521 | 8 |
_a750
_bLexile |
|
| 521 | 8 |
_aR
_bRaz-Plus |
|
| 650 |
_2Habitats _aAnimals |
||
| 650 |
_2Biomes _aScience |
||
| 700 |
_aA. Prebeg, Rick _dillustrator |
||
| 942 |
_2ddc _cBK _n0 |
||
| 999 |
_c6898 _d6898 |
||